000 00746nam a22002417a 4500
005 20240305165403.0
007 cr|||| ||||
008 130215e2011 it |||||s|||| 00| 0 ita d
020 _a8866110361
035 _a6799
040 _avLex
090 _c3649
_d3649
100 1 0 _aMartino, Roberto
245 1 0 _aMateriali e commenti sulla mediazione civile e commerciale
_h[Recurso electrónico]
256 _aServicio en línea
260 _aBari :
_bCacucci Editore,
_c2011
300 _a1 Recurso electrónico
650 0 4 _aProcedimiento civil
_zItalia
650 0 4 _aProcedimiento mercantil
_zItalia
740 _avLex Libros (Servicio en línea)
856 _aAcceso restringido
_uhttp://www.vlex.com/source/6799
942 _cRAA
999 _c162033
_d162033